Dân ca Gia Rai: Song ngữ Gia Rai - Việt

Quyển sách là một trong những ấn phẩm của hội văn nghệ dân gian Việt Nam đã sưu tầm và nghiên cứu về những giá trị văn hóa truyền thống của các dân tộc và quyển sách xoay quanh về chủ đề về thể loại dân ca, ca dao ở Gia Rai đó là nhữ...

Πλήρης περιγραφή

Αποθηκεύτηκε σε:
Λεπτομέρειες βιβλιογραφικής εγγραφής
Συγγραφή απο Οργανισμό/Αρχή: Hội văn nghệ dân gian Việt Nam
Μορφή: Βιβλίο
Γλώσσα:Undetermined
Έκδοση: Hà Nội Văn hóa dân tộc 2012
Θέματα:
Ετικέτες: Προσθήκη ετικέτας
Δεν υπάρχουν, Καταχωρήστε ετικέτα πρώτοι!
Thư viện lưu trữ: Trung tâm Học liệu Trường Đại học Cần Thơ
LEADER 01157nam a2200205Ia 4500
001 CTU_173983
008 210402s9999 xx 000 0 und d
082 |a 398.809597 
082 |b H452 
110 |a Hội văn nghệ dân gian Việt Nam 
245 0 |a Dân ca Gia Rai: 
245 0 |b Song ngữ Gia Rai - Việt 
245 0 |c Nguyễn Quang Tuệ sưu tầm & biên dịch 
260 |a Hà Nội 
260 |b Văn hóa dân tộc 
260 |c 2012 
520 |a Quyển sách là một trong những ấn phẩm của hội văn nghệ dân gian Việt Nam đã sưu tầm và nghiên cứu về những giá trị văn hóa truyền thống của các dân tộc và quyển sách xoay quanh về chủ đề về thể loại dân ca, ca dao ở Gia Rai đó là những lời hát về quê huơng, tình bạn, tình Yêu, về Bác Hồ...sẽ được giới thiệu cùng bạn đọc. 
650 |a Folk song, Vietnam,Dân ca, Việt Nam 
904 |i Tuyến 
980 |a Trung tâm Học liệu Trường Đại học Cần Thơ